| 000 | 01038naa a22003137a 4500 | ||
|---|---|---|---|
| 001 | BR9400800 | ||
| 003 | BR-BrBNA | ||
| 005 | 20240918180924.0 | ||
| 007 | ta | ||
| 008 | 230509b bl.||||| |||| 00| 0 por d | ||
| 040 |
_aBR-BrBNA _bpor _cBiblioteca Nacional de Agricultura |
||
| 041 | _a(Pt) | ||
| 072 |
_aH10 _b1160 _b4020 |
||
| 090 | _aH10 BR9400800 | ||
| 100 | 1 | _aAraujo, F.E. de | |
| 100 | 1 | _aAlmeida, J.I.L. de | |
| 100 | 1 | _aBarros, L. de M. | |
| 100 | 1 | _aSantos, A.A. dos | |
| 245 | 1 | _aLevantamento fitossanitario e controle das pragas do cajueiro | |
| 260 | 3 |
_aFortaleza, CE (Brasil): _c1992. |
|
| 500 | _aRelatorio Anual de Pesquisa 1980/1992 Fortaleza, CE (Brasil): 1992. v. 1 p. 160-167 (BR9400800-AM)H10 | ||
| 650 | _aCaju | ||
| 650 | _aPraga de Planta | ||
| 650 | _aLevantamento Fitossanitario | ||
| 650 | _aControle Quimico | ||
| 773 | 0 |
_tRelatorio Anual de Pesquisa 1980/1992 _wH10 BR9400800 _gFortaleza, CE (Brasil), 1992. v. 1 p. 160-167 |
|
| 909 |
_a202404 _bLucia _c55 _dLucia Elande |
||
| 942 |
_cAM _2AGRIS |
||
| 999 |
_c322689 _d322689 |
||